000 00239nam a2200097Ia 4500
005 20250424112822.0
008 250424s9999 xx 000 0 und d
300 _a55 p. : ill. ; 29 cm.
650 _aBiochemistry--Periodicals.
942 _cSR
999 _c37314
_d37314